| 000 | 01400cam a22003014a 4500 | ||
|---|---|---|---|
| 999 |
_c129584 _d129584 |
||
| 001 | 4049237 | ||
| 003 | ARRUPE | ||
| 005 | 20190507120736.0 | ||
| 008 | 990506r20001985nyu b 001 0 eng | ||
| 010 | _a 99031410 | ||
| 020 | _a023111771X (pbk : alk. paper) | ||
| 040 |
_aDLC _cDLC _dDLC |
||
| 042 | _apcc | ||
| 043 | _ae------ | ||
| 050 | 0 | 0 |
_aD359 _b.H77 2000 |
| 082 | 0 | 0 |
_a320.54/094 _221 |
| 100 | 1 |
_aHroch, Miroslav. _946329 |
|
| 245 | 1 | 0 |
_aSocial preconditions of national revival in Europe : _ba comparative analysis of the social composition of patriotic groups among the smaller European nations / _cMiroslav Hroch ; translated by Ben Fowkes. |
| 260 |
_aNew York : _bColumbia University Press, _cc2000. |
||
| 300 |
_axix, 220 p. ; _bmaps; _c23 cm. |
||
| 500 | _aOriginally published: Cambridge ; New York : Cambridge University Press, 1985. | ||
| 504 | _aIncludes bibliographical references (p. 209-212) and index. | ||
| 650 | 0 |
_aNationalism _zEurope _xHistory _y19th century. _9311 |
|
| 651 | 0 |
_aEurope _xHistory _y1789-1900 _xAutonomy and independence movements. _946330 |
|
| 651 | 0 |
_aEurope _xSocial conditions _y1789-1900. _917435 |
|
| 856 | 4 | 1 |
_3Table of contents only _uhttp://www.loc.gov/catdir/toc/fy0714/99031410.html |
| 906 |
_a7 _bcbc _corignew _d1 _eocip _f19 _gy-gencatlg |
||
| 942 |
_2lcc _cMONOGRAPH |
||